<?xml version="1.0" encoding="UTF-8"?>
<record
    xmlns:xsi="http://www.w3.org/2001/XMLSchema-instance"
    xsi:schemaLocation="http://www.loc.gov/MARC21/slim http://www.loc.gov/standards/marcxml/schema/MARC21slim.xsd"
    xmlns="http://www.loc.gov/MARC21/slim">

  <leader>02563nam0a2200361 i 4500</leader>
  <controlfield tag="001">IT\ICCU\CFI\1122145</controlfield>
  <controlfield tag="003">IT-MiSPE</controlfield>
  <controlfield tag="005">20250301045457.0</controlfield>
  <controlfield tag="008">240627b        |||||||| |||| 00| 0 eng d</controlfield>
  <datafield tag="010" ind1=" " ind2=" ">
    <subfield code="a">978-88-8273-189-2</subfield>
  </datafield>
  <datafield tag="020" ind1=" " ind2=" ">
    <subfield code="a">9788882731892</subfield>
    <subfield code="c">15.00 EUR</subfield>
  </datafield>
  <datafield tag="040" ind1=" " ind2=" ">
    <subfield code="a">IT-MiSPE</subfield>
    <subfield code="b">ita</subfield>
    <subfield code="c">IT-MiSPE</subfield>
  </datafield>
  <datafield tag="041" ind1=" " ind2=" ">
    <subfield code="a">ita</subfield>
    <subfield code="h">gre / fre</subfield>
  </datafield>
  <datafield tag="082" ind1=" " ind2=" ">
    <subfield code="a">182.3-PAR po BEA je (axa 23329)</subfield>
  </datafield>
  <datafield tag="100" ind1=" " ind2=" ">
    <subfield code="a">Beaufret, Jean</subfield>
    <subfield code="d">1907-1982</subfield>
    <subfield code="e">autore</subfield>
    <subfield code="9">60812</subfield>
  </datafield>
  <datafield tag="240" ind1=" " ind2=" ">
    <subfield code="a">Parm&#xE9;nide. Le po&#xE8;me.</subfield>
    <subfield code="l">fre / gre</subfield>
  </datafield>
  <datafield tag="245" ind1=" " ind2=" ">
    <subfield code="a">Parmenide. Il Poema.</subfield>
    <subfield code="c">Jean Beaufret.</subfield>
  </datafield>
  <datafield tag="260" ind1=" " ind2=" ">
    <subfield code="a">Milano : </subfield>
    <subfield code="b">Marinotti,</subfield>
    <subfield code="c">2023.</subfield>
  </datafield>
  <datafield tag="300" ind1=" " ind2=" ">
    <subfield code="a">109 p. ;</subfield>
    <subfield code="c">20,5 cm</subfield>
  </datafield>
  <datafield tag="490" ind1=" " ind2=" ">
    <subfield code="a">I temi del pensiero. Autori contemporanei</subfield>
  </datafield>
  <datafield tag="500" ind1="1" ind2="0">
    <subfield code="a">Testo greco a fronte</subfield>
  </datafield>
  <datafield tag="505" ind1=" " ind2=" ">
    <subfield code="a">De natura</subfield>
  </datafield>
  <datafield tag="520" ind1=" " ind2=" ">
    <subfield code="a">Pubblicato per la prima volta nel 1955 e presto divenuto un&#x2019;opera di riferimento per ogni studioso della filosofia greco antica, il volume si compone in primo luogo di un ricco e articolato saggio interpretativo nel corso del quale Jean Beaufret si propone di fornire le coordinate per una corretta lettura e comprensione del Poema di Parmenide. L&#x2019;introduzione al Poema diventa cos&#xEC; un&#x2019;opera filosofica a s&#xE9; stante e di assoluto rilievo, tramite la quale Beaufret, attraverso riferimenti molteplici a pensatori quali Kant, Nietzsche, H&#xF6;lderlin e Heidegger, si dimostra un fine lettore della filosofia antica e della storia della metafisica. Soprattutto, grazie a Beaufret, possiamo una volta di pi&#xF9; riscoprire e ripensare i legami tra poesia e filosofia, di cui sia il Poema, sia la sua introduzione, sono testimoni.

In appendice al volume, inoltre, Beaufret riporta la sua traduzione integrale - che ha fatto epoca per pertinenza e finezza - di ci&#xF2; che resta del Poema di Parmenide. Inizialmente curata da Jean-Jacques Rini&#xE9;ri, la traduzione francese dei frammenti del pensatore di Elea viene ripresa da Beaufret ed &#xE8; l&#x2019;occasione, per quest&#x2019;ultimo, di rileggere a suo modo la genesi del pensiero Occidentale.

Pur nella loro inevitabile incompletezza, i diciannove frammenti di quel che dovette essere il Poema di Parmenide conservano intatta, a distanza di pi&#xF9; di 2500 anni, quella potenza arcaica che fu capace di inaugurare il destino di un mondo di cui noi stessi siamo gli eredi.</subfield>
  </datafield>
  <datafield tag="546" ind1=" " ind2=" ">
    <subfield code="a">Traduzione di Stella Mosetti</subfield>
  </datafield>
  <datafield tag="600" ind1=" " ind2=" ">
    <subfield code="a">Parmenide di Elea</subfield>
    <subfield code="9">60813</subfield>
  </datafield>
  <datafield tag="655" ind1=" " ind2=" ">
    <subfield code="a">Filosofia antica</subfield>
    <subfield code="x">Parmenide. Scuola eleatica</subfield>
    <subfield code="9">60814</subfield>
  </datafield>
  <datafield tag="700" ind1=" " ind2="0">
    <subfield code="a">Parmenides</subfield>
    <subfield code="9">60815</subfield>
  </datafield>
  <datafield tag="899" ind1=" " ind2=" ">
    <subfield code="f">P/G</subfield>
  </datafield>
  <datafield tag="899" ind1=" " ind2=" ">
    <subfield code="f">P/G</subfield>
  </datafield>
  <datafield tag="899" ind1=" " ind2=" ">
    <subfield code="f">P/G</subfield>
  </datafield>
  <datafield tag="899" ind1=" " ind2=" ">
    <subfield code="f">P/G</subfield>
  </datafield>
  <datafield tag="942" ind1=" " ind2=" ">
    <subfield code="2">ddc</subfield>
    <subfield code="c">BK</subfield>
  </datafield>
  <datafield tag="999" ind1=" " ind2=" ">
    <subfield code="c">360146</subfield>
    <subfield code="d">360146</subfield>
  </datafield>
  <datafield tag="952" ind1=" " ind2=" ">
    <subfield code="0">0</subfield>
    <subfield code="1">0</subfield>
    <subfield code="2">ddc</subfield>
    <subfield code="4">0</subfield>
    <subfield code="6">182_000000000000000_3PAR_PO_BEA_JE_AXA_23329</subfield>
    <subfield code="7">1</subfield>
    <subfield code="a">CINISELLO</subfield>
    <subfield code="b">CINISELLO</subfield>
    <subfield code="d">2024-06-27</subfield>
    <subfield code="l">0</subfield>
    <subfield code="o">182.3-PAR po BEA je (axa 23329)</subfield>
    <subfield code="p">9788882731892</subfield>
    <subfield code="r">2024-06-27 14:21:53</subfield>
    <subfield code="w">2024-06-27</subfield>
    <subfield code="y">BK</subfield>
  </datafield>
</record>
